Statistiques concernant Structure TMGL 2023

Cliquez ici pour prendre le quiz!

Statistiques générales

  • Ce quiz a été pris 13 fois
  • Le résultat moyen est 10 sur 16

Statistiques - réponses

HintRéponse% Correct
KCBren
100%
SOLARYCarlJr
100%
KCOtaaaq
100%
G1Gwen
83%
SOLARYPac
75%
BDSAurel
67%
SINNERSKappa
67%
BDSAffi
58%
SINNERSTween
58%
BIGGranady
50%
BIGMassa
50%
ITBElconn
42%
ITBMime
42%
ALLIANCEMudda
42%
G1Binkss
33%
ALLIANCESoulja
33%

Distribution des résultats

Percentile par nombre de réponses

% des personnes avec chaque résultat

Votre développement - résultats

Vous n’avez pas pris ce quiz